000 00626nam a22001577a 4500
999 _c59688
_d59688
003 Ge_BSU
005 20230403105934.0
008 230403s2016 ge ||||| |||| 00| 0 geo d
041 _ageo
080 _a28 ი-83
245 _aისლამის შემეცნების გზაზე :
_bძირითადი საკითხების ახლებური ხედვა /
_cსაერთაშორისო საქველმოქმედო ფონდი.
300 _a509 გვ. ;
_b24 სმ.
653 _aისლამი
653 _aრელიგია
942 _2udc
_cBK